| 000 | 01701nam a22003974a 4500 | ||
|---|---|---|---|
| 001 | ebr10040033 | ||
| 003 | CaPaEBR | ||
| 006 | m u | ||
| 007 | cr cn||||||||| | ||
| 008 | 030401s2003 dcua sb i000 0 eng | ||
| 010 | _z 2003050075 | ||
| 020 | _z0821354817 (pbk.) | ||
| 040 |
_aCaPaEBR _cCaPaEBR |
||
| 035 | _a(OCoLC)53333818 | ||
| 050 | 1 | 4 |
_aHC59.72.D4 _bB73 2003eb |
| 082 | 0 | 4 |
_a303.6/4/091724 _221 |
| 245 | 0 | 0 |
_aBreaking the conflict trap _h[electronic resource] : _bcivil war and development policy / _cPaul Collier ... [et al.]. |
| 260 |
_aWashington, DC : _bWorld Bank ; _a[New York] : _bOxford University Press, _cc2003. |
||
| 300 |
_axv, 221 p. : _bill. |
||
| 490 | 1 | _aA World Bank policy research report | |
| 504 | _aIncludes bibliographical references (p. 200-221). | ||
| 533 |
_aElectronic reproduction. _bPalo Alto, Calif. : _cebrary, _d2013. _nAvailable via World Wide Web. _nAccess may be limited to ebrary affiliated libraries. |
||
| 650 | 0 |
_aCivil war _xEconomic aspects _zDeveloping countries. |
|
| 650 | 0 |
_aCivil war _xSocial aspects _zDeveloping countries. |
|
| 650 | 0 |
_aPoverty _zDeveloping countries. |
|
| 650 | 0 |
_aIncome distribution _zDeveloping countries. |
|
| 650 | 0 |
_aMortality _zDeveloping countries. |
|
| 650 | 0 |
_aPublic health _zDeveloping countries. |
|
| 650 | 0 | _aEconomic development. | |
| 651 | 0 |
_aDeveloping countries _xPolitics and government _y21st century. |
|
| 655 | 7 |
_aElectronic books. _2local |
|
| 700 | 1 | _aCollier, Paul. | |
| 710 | 2 | _aebrary, Inc. | |
| 830 | 0 | _aWorld Bank policy research report. | |
| 856 | 4 | 0 |
_uhttp://site.ebrary.com/lib/rucke/Doc?id=10040033 _zAn electronic book accessible through the World Wide Web; click to view |
| 999 |
_c60033 _d60033 |
||